| 000 | 01246cam a2200313 a 4500 | ||
|---|---|---|---|
| 999 |
_c24174 _d24174 |
||
| 001 | 657129 | ||
| 003 | OSt | ||
| 005 | 20170128091238.0 | ||
| 008 | 940126s1993 is a b 001 0 eng | ||
| 010 | _a 94109528 | ||
| 020 | _a9652171034 | ||
| 040 |
_aDLC _cDLC _dDLC |
||
| 043 | _aa-is--- | ||
| 050 | 0 | 0 |
_aNA1478.H35 _bH47 1993 |
| 082 | 0 | 0 |
_a720/.95694/6 _220 |
| 100 | 1 | _aHerbert, Gilbert. | |
| 245 | 1 | 0 |
_aBauhaus on the Carmel and the crossroads of empire : _barchitecture and planning in Haifa during the British mandate / _cGilbert Herbert and Silvina Sosnovsky. |
| 260 |
_aJerusalem : _bYad Izhak Ben-Zvi, _cc1993. |
||
| 300 |
_a294 p. : _bill. ; _c25 cm. |
||
| 504 | _aIncludes bibliographical references (p. [279]-285) and index. | ||
| 650 | 0 |
_aArchitecture _zIsrael _zHaifa _xHistory _y20th century. |
|
| 650 | 0 |
_aCity planning _zIsrael _zHaifa _xHistory _y20th century. |
|
| 651 | 0 |
_aHaifa (Israel) _xBuildings, structures, etc. |
|
| 700 | 1 | _aSosnovsky, Silvina. | |
| 906 |
_a7 _bcbc _corignew _d3 _encip _f19 _gy-gencatlg |
||
| 942 |
_2lcc _cBOOKS _hNA 1478 .H35H47 1993 |
||